| 000 | nam a22 7a 4500 | ||
|---|---|---|---|
| 999 |
_c27885 _d27885 |
||
| 008 | 170211b xxu||||| |||| 00| 0 eng d | ||
| 020 | _a9780132146814 | ||
| 050 | _aHF1008 .B68 2001 | ||
| 100 | _aBovee,Courtland L. | ||
| 245 |
_aBusiness in action : _bwith real-time updates / _cCourtland L Bovée; John V Thill |
||
| 250 | _a5th ed. | ||
| 260 |
_aBoston : _b Prentice Hall, _c ©2011. |
||
| 300 |
_al,542p. : _bill. ; _c28cm. |
||
| 500 | _aincludes index. | ||
| 650 | _aBusiness | ||
| 700 | _aThill,John V. | ||
| 942 |
_2lcc _cBOOKS _hHF1008 .B68 2001 |
||